[Event "Championnat de France 2006 - Accession"]
[Site "BESANCON"]
[Date "2006.08.24"]
[Round "9.24"]
[White "Touboulic, Julien"]
[Black "Saada, Julien"]
[Result "1/2-1/2"]
[WhiteElo "2244"]
[BlackElo "2257"]
[PlyCount "32"]
[EventDate "2006.??.??"]

1. e4 c6 2. d4 d5 3. Nc3 dxe4 4. Nxe4 Bf5 5. Ng3 Bg6 6. h4 h6 7. Nf3 Nd7 8. h5
Bh7 9. Bd3 Bxd3 10. Qxd3 Qc7 11. Bd2 Ngf6 12. O-O-O e6 13. Qe2 Bd6 14. Nf5 Bf4
15. Bxf4 Qxf4+ 16. Ne3 O-O-O 1/2-1/2

[Event "Championnat de France 2006 - Accession"]
[Site "BESANCON"]
[Date "2006.08.24"]
[Round "9.25"]
[White "Crouan, Stephane"]
[Black "Lagarde, Maxime"]
[Result "0-1"]
[WhiteElo "2253"]
[BlackElo "2091"]
[PlyCount "45"]
[EventDate "2006.??.??"]

1. e4 c5 2. Nf3 d6 3. d4 cxd4 4. Nxd4 Nf6 5. Nc3 a6 6. Be2 e6 7. O-O Nbd7 8. f4
b5 9. Bf3 Bb7 10. a3 Qc7 11. Qe2 Nb6 12. g4 d5 13. exd5 Bc5 14. Be3 Nfxd5 15.
Bxd5 Nxd5 16. Ncxb5 axb5 17. Qxb5+ Qd7 18. Qxc5 Rc8 19. Qb5 Nxe3 20. Rfe1 Nxc2
21. Qxd7+ Kxd7 22. Nxc2 Rxc2 23. b4 0-1

[Event "Championnat de France 2006 - Accession"]
[Site "BESANCON"]
[Date "2006.08.24"]
[Round "9.29"]
[White "Humeau, Cyril"]
[Black "Kirszenberg, Marc"]
[Result "1/2-1/2"]
[WhiteElo "2095"]
[BlackElo "2204"]
[PlyCount "28"]
[EventDate "2006.??.??"]

1. d4 d5 2. c4 c6 3. Nc3 e5 4. dxe5 d4 5. Ne4 Qa5+ 6. Bd2 Qxe5 7. Ng3 Nf6 8.
Nf3 Qd6 9. Qc2 Be7 10. O-O-O O-O 11. Bc3 Qf4+ 12. Bd2 Qd6 13. Bc3 Qf4+ 14. Bd2
Qd6 1/2-1/2

[Event "Championnat de France 2006 - Accession"]
[Site "BESANCON"]
[Date "2006.08.24"]
[Round "9.36"]
[White "Guennoun, Anthony"]
[Black "Boukobza, Adrien"]
[Result "0-1"]
[WhiteElo "2159"]
[BlackElo "2192"]
[PlyCount "71"]
[EventDate "2006.??.??"]

1. e4 e6 2. d4 d5 3. Nc3 Nf6 4. Bg5 Be7 5. e5 Nfd7 6. h4 Bxg5 7. hxg5 Qxg5 8.
Nb5 Qd8 9. Qg4 g6 10. c4 dxc4 11. Nf3 a6 12. Nc3 Nc6 13. O-O-O Qe7 14. Bxc4 Nb6
15. Bb3 Bd7 16. Ng5 h5 17. Qf4 O-O-O 18. Nge4 Na5 19. Nc5 Nxb3+ 20. axb3 Bc6
21. f3 Nd5 22. Qd2 Nxc3 23. bxc3 b6 24. Ne4 Qa3+ 25. Qb2 Qxb2+ 26. Kxb2 Bxe4
27. fxe4 a5 28. Rhf1 Rh7 29. d5 g5 30. c4 h4 31. b4 axb4 32. Kb3 g4 33. Rf4 Rg8
34. d6 h3 35. gxh3 gxh3 36. Rh1 0-1

[Event "Championnat de France 2006 - Open A"]
[Site "BESANCON"]
[Date "2006.08.24"]
[Round "9.1"]
[White "Oliveira, Sancho"]
[Black "Marie, Maxime"]
[Result "1/2-1/2"]
[WhiteElo "2172"]
[BlackElo "2165"]
[PlyCount "137"]
[EventDate "2006.??.??"]

1. e4 c5 2. Nf3 Nc6 3. d4 cxd4 4. Nxd4 Nf6 5. Nc3 e5 6. Ndb5 d6 7. Bg5 a6 8.
Na3 b5 9. Bxf6 gxf6 10. Nd5 Bg7 11. c3 f5 12. exf5 Bxf5 13. Nc2 O-O 14. Nce3
Bg6 15. a4 bxa4 16. h4 h6 17. h5 Bh7 18. Rxa4 a5 19. Bb5 Ne7 20. Bd3 f5 21.
Nxe7+ Qxe7 22. Bxf5 Bxf5 23. Nxf5 Qf7 24. g4 Rab8 25. O-O Qe6 26. Qxd6 Qxd6 27.
Nxd6 Rxb2 28. Rxa5 Rf3 29. Ne4 Re2 30. Ra4 Bf8 31. Rc4 Be7 32. Ng3 Rc2 33. Kg2
Rfxc3 34. Rxc3 Rxc3 35. Re1 Rc5 36. Re2 Bg5 37. Ne4 Rc4 38. f3 Bf4 39. Ra2 Rc6
40. Kf2 Rb6 41. Ke2 Kf7 42. Ra3 Rb8 43. Kd3 Rd8+ 44. Kc4 Rd4+ 45. Kc5 Rd1 46.
Kc6 Ke6 47. Nc5+ Kf6 48. Rd3 Rc1 49. Kd5 Kg5 50. Ne6+ Kh4 51. Nxf4 exf4 52. Ke4
Kg3 53. Rd6 Rc4+ 54. Kd3 Rc5 55. Rxh6 Kxf3 56. Rg6 Rc1 57. g5 Rd1+ 58. Kc2 Rh1
59. h6 Kg4 60. Kd2 f3 61. Ke3 Re1+ 62. Kf2 Re2+ 63. Kf1 Rh2 64. Kg1 Kg3 65. Rf6
Ra2 66. Rxf3+ Kxf3 67. h7 Ra1+ 68. Kh2 Ra2+ 69. Kg1 1/2-1/2

[Event "Championnat de France 2006 - Open A"]
[Site "BESANCON"]
[Date "2006.08.24"]
[Round "9.2"]
[White "Rigolot, Matthieu"]
[Black "Adda, Olivier"]
[Result "1-0"]
[WhiteElo "2153"]
[BlackElo "2142"]
[PlyCount "91"]
[EventDate "2006.??.??"]

1. d4 Nf6 2. c4 e6 3. g3 d5 4. Bg2 Nc6 5. Nf3 dxc4 6. O-O Rb8 7. e3 b5 8. Qe2
Bd6 9. Rd1 Qe7 10. b3 O-O 11. bxc4 bxc4 12. Qxc4 Nb4 13. a3 Ba6 14. Qb3 Nd3 15.
Qc2 Nxc1 16. Rxc1 c5 17. dxc5 Rfc8 18. c6 e5 19. Nfd2 g6 20. Nc4 e4 21. Nxd6
Qxd6 22. Nd2 Bd3 23. Qa4 Qe6 24. Qxa7 Rb2 25. Qa5 Rxc6 26. Qa8+ Kg7 27. Qxc6
Qxc6 28. Rxc6 Rxd2 29. a4 Ng4 30. a5 Nxf2 31. a6 Ng4 32. a7 Nxe3 33. Bh3 Nd1
34. a8=Q e3 35. Ra7 Rf2 36. Rc8 e2 37. Rg8+ Kh6 38. Qf8+ Kh5 39. Ra5+ f5 40.
g4+ Kg5 41. Qe7+ Kf4 42. Qd6+ Kg5 43. Qd8+ Kf4 44. Qd4+ Kf3 45. Qxd3+ Ne3 46.
Qxe3+ 1-0

[Event "Championnat de France 2006 - Open A"]
[Site "BESANCON"]
[Date "2006.08.24"]
[Round "9.3"]
[White "Fischer, Marc"]
[Black "Debray, Tristan"]
[Result "1/2-1/2"]
[WhiteElo "2146"]
[BlackElo "2126"]
[PlyCount "60"]
[EventDate "2006.??.??"]

1. d4 d5 2. Nf3 Nf6 3. c4 e6 4. Qc2 c6 5. Nbd2 Nbd7 6. e4 dxe4 7. Nxe4 Nxe4 8.
Qxe4 Nf6 9. Qh4 Bb4+ 10. Bd2 Qe7 11. O-O-O Bxd2+ 12. Nxd2 b6 13. Bd3 Bb7 14.
Ne4 O-O-O 15. Nxf6 Qxf6 16. Qxf6 gxf6 17. Be4 f5 18. Bf3 Rd7 19. Rd2 Rhd8 20.
Rhd1 Kc7 21. Kc2 f6 22. g3 e5 23. dxe5 Rxd2+ 24. Rxd2 Rxd2+ 25. Kxd2 fxe5 26.
Ke3 Kd6 27. Bh5 Bc8 28. b4 Be6 29. Be2 c5 30. b5 Ke7 1/2-1/2

[Event "Championnat de France 2006 - Open A"]
[Site "BESANCON"]
[Date "2006.08.24"]
[Round "9.4"]
[White "Bodenez, Vincent"]
[Black "Faure, Stephane"]
[Result "1/2-1/2"]
[WhiteElo "2194"]
[BlackElo "2143"]
[PlyCount "51"]
[EventDate "2006.??.??"]

1. d4 Nf6 2. Bg5 e6 3. e4 h6 4. Bxf6 Qxf6 5. Qd2 c5 6. e5 Qd8 7. Nc3 d5 8. exd6
Bxd6 9. O-O-O Be7 10. d5 O-O 11. d6 Bf6 12. Ne4 Bd7 13. Ne2 Bc6 14. N2c3 Nd7
15. Rg1 b5 16. Nxf6+ Qxf6 17. f3 c4 18. Ne2 Rab8 19. Ng3 Rfd8 20. Be2 Nc5 21.
Nh5 Qg6 22. g4 e5 23. Qe3 Qg5 24. f4 exf4 25. Qxf4 Ne6 26. Qxg5 1/2-1/2

[Event "Championnat de France 2006 - Open A"]
[Site "BESANCON"]
[Date "2006.08.24"]
[Round "9.5"]
[White "Camus, Berenger"]
[Black "Vilaisarn, Akkhavanh"]
[Result "1/2-1/2"]
[WhiteElo "2135"]
[BlackElo "2190"]
[PlyCount "105"]
[EventDate "2006.??.??"]

1. d4 d5 2. c4 dxc4 3. Nc3 a6 4. a4 e5 5. d5 Bb4 6. e3 Nf6 7. Bxc4 Ne4 8. Qc2
Bf5 9. Qb3 a5 10. Nf3 O-O 11. O-O Nd7 12. Bd2 Ndc5 13. Qa2 Nxd2 14. Nxd2 e4 15.
Nb3 Qg5 16. Ne2 Nd3 17. Bxd3 exd3 18. Ng3 Bg4 19. Nd4 d2 20. Nf3 Bxf3 21. gxf3
Ra6 22. Qc4 Rh6 23. Kg2 c6 24. f4 Qg4 25. h3 Qd7 26. f5 Qxd5+ 27. Qxd5 cxd5 28.
Ne2 Rc6 29. Nc3 Bxc3 30. bxc3 Rxc3 31. Ra2 d4 32. exd4 Rd8 33. Rxd2 Ra3 34. Rb1
Rd7 35. Rdb2 Rxa4 36. Rxb7 Rxb7 37. Rxb7 Kf8 38. Ra7 Rxd4 39. Rxa5 Ke7 40. Kg3
Kf6 41. f3 Ke7 42. Ra7+ Rd7 43. Ra5 Kd6 44. Kf4 Rc7 45. Ra6+ Rc6 46. Ra7 Rc4+
47. Kg3 Rc7 48. Ra4 Ke5 49. Kg4 h5+ 50. Kg5 Rc3 51. Ra5+ Kd6 52. Ra6+ Ke7 53.
Ra7+ 1/2-1/2

[Event "Championnat de France 2006 - Open A"]
[Site "BESANCON"]
[Date "2006.08.25"]
[Round "9.6"]
[White "Dubessay, Bastien"]
[Black "Entem, Alan"]
[Result "0-1"]
[WhiteElo "1993"]
[BlackElo "2144"]
[PlyCount "60"]
[EventDate "2006.??.??"]

1. d4 g6 2. c4 Bg7 3. Nc3 c5 4. d5 Bxc3+ 5. bxc3 f5 6. g4 fxg4 7. h3 g3 8. f4
Qa5 9. Qc2 d6 10. e4 Nd7 11. Ne2 g2 12. Bxg2 Nb6 13. O-O Nxc4 14. f5 Bd7 15.
Nf4 Ne5 16. c4 Qa6 17. Bb2 Nf6 18. fxg6 Qxc4 19. Qxc4 Nxc4 20. Bxf6 exf6 21. g7
Rg8 22. Nh5 Ke7 23. Rxf6 Ne5 24. Rh6 c4 25. Rf1 c3 26. Rxh7 Bb5 27. Rc1 Rac8
28. Bf1 Bxf1 29. Rxf1 c2 30. Nf6 Nf3+ 0-1

[Event "Championnat de France 2006 - Open A"]
[Site "BESANCON"]
[Date "2006.08.24"]
[Round "9.7"]
[White "Girard, Eric"]
[Black "Duchateau, Thomas"]
[Result "1/2-1/2"]
[WhiteElo "2090"]
[BlackElo "2129"]
[PlyCount "59"]
[EventDate "2006.??.??"]

1. c4 b6 2. Nc3 Bb7 3. e4 e6 4. d4 Bb4 5. Bd3 f5 6. f3 Qh4+ 7. g3 Qh5 8. Bd2
Nc6 9. a3 Be7 10. d5 Ne5 11. Be2 Bc5 12. f4 Ng4 13. Bxg4 fxg4 14. h4 O-O-O 15.
Qc2 Ne7 16. O-O-O c6 17. Nge2 Bd6 18. Be3 Kb8 19. c5 bxc5 20. e5 Nf5 21. Bf2
Bc7 22. dxe6 dxe6 23. Ne4 Nd4 24. Nxd4 cxd4 25. Nc5 Bb6 26. Bxd4 Qf7 27. Rh2
Rd5 28. Rhd2 Rhd8 29. b4 g6 30. Qc3 1/2-1/2

[Event "Championnat de France 2006 - Open A"]
[Site "BESANCON"]
[Date "2006.08.24"]
[Round "9.8"]
[White "Lewis, John"]
[Black "Fernandez, Laura"]
[Result "0-1"]
[WhiteElo "2112"]
[BlackElo "1956"]
[PlyCount "104"]
[EventDate "2006.??.??"]

1. d4 d5 2. c4 e6 3. g3 Nf6 4. Bg2 Be7 5. Nf3 O-O 6. O-O Nbd7 7. Qc2 c5 8. cxd5
exd5 9. Nc3 Re8 10. Rd1 c4 11. Ne5 Nb6 12. a4 Be6 13. a5 Nbd7 14. a6 Qc8 15.
axb7 Qxb7 16. Nxc4 Rac8 17. Na5 Qb6 18. Qa4 Bb4 19. Nb5 Bf8 20. Bd2 Bf5 21. Nc3
Qxb2 22. Ra2 Qb6 23. e3 Qe6 24. Nb3 Nb6 25. Qb5 Nc4 26. Nxd5 Nd6 27. Nxf6+ gxf6
28. Qd5 Bc2 29. Rxc2 Rxc2 30. Nc5 Qxd5 31. Bxd5 Nc4 32. Be1 Nb2 33. Rb1 Bxc5
34. dxc5 Rxc5 35. e4 Nd3 36. Bd2 Ne5 37. Be3 Rc7 38. Ra1 Ree7 39. Kg2 Kg7 40.
Bd4 Nc6 41. Bb2 Nb4 42. Ba8 Re8 43. Bd5 Rd8 44. Bd4 Rdd7 45. Ra4 Nc2 46. Bb2
Ne3+ 47. Kg1 Rc2 48. Ra2 Nxd5 49. exd5 Kg6 50. h4 Rxd5 51. g4 Rb5 52. h5+ Kh6
0-1

[Event "Championnat de France 2006 - Open A"]
[Site "BESANCON"]
[Date "2006.08.25"]
[Round "9.9"]
[White "Gaubil, Olivier"]
[Black "Buscara, Sevan"]
[Result "1-0"]
[WhiteElo "2103"]
[BlackElo "1964"]
[PlyCount "141"]
[EventDate "2006.??.??"]

1. Nf3 d5 2. d4 Nf6 3. c4 c6 4. g3 a6 5. Bg2 Bf5 6. O-O e6 7. Qb3 b5 8. cxd5
cxd5 9. Bg5 Nc6 10. Nbd2 Be7 11. Rfc1 Rc8 12. a4 Qb6 13. axb5 axb5 14. Ne5 O-O
15. Bxf6 Bxf6 16. Nd7 Qxd4 17. Nxf8 Rxf8 18. Qxb5 Qxd2 19. Rxc6 Bxb2 20. Ra2
Qe1+ 21. Bf1 Bh3 22. e3 Bf6 23. Rac2 d4 24. Rc1 Bxf1 25. Qxf1 Qxf1+ 26. Kxf1
dxe3 27. fxe3 g6 28. Rc8 Rxc8 29. Rxc8+ Kg7 30. Ke2 Be5 31. Kf3 h5 32. h3 Kf6
33. Ra8 Bd6 34. Ra7 Be7 35. e4 Bd6 36. Rd7 Be5 37. Rb7 Bd4 38. Rb5 e5 39. Rb7
Ke6 40. Rc7 Kf6 41. Ke2 Bg1 42. Rc1 Bd4 43. Rf1+ Kg7 44. Kd3 Kf8 45. Kc4 Ke7
46. Kd5 Bb2 47. Rb1 Bd4 48. Rb7+ Kf6 49. Kd6 Ba1 50. Rb1 Bd4 51. Rf1+ Kg7 52.
Ke7 Bc5+ 53. Ke8 f6 54. Rf3 g5 55. g4 hxg4 56. hxg4 Kg6 57. Rc3 Bb4 58. Rc4 Ba3
59. Rc7 Bb4 60. Rd7 Ba3 61. Kd8 Bf8 62. Kc7 Bg7 63. Kd6 Bf8+ 64. Ke6 Bg7 65.
Rd8 Bh6 66. Ra8 Bg7 67. Rg8 Kh7 68. Kf7 Bh6 69. Rg6 Bf8 70. Rxf6 Bc5 71. Rf3
1-0

[Event "Championnat de France 2006 - Open A"]
[Site "BESANCON"]
[Date "2006.08.24"]
[Round "9.10"]
[White "Martinez, Vincent"]
[Black "Serve, Emmanuel"]
[Result "0-1"]
[WhiteElo "2158"]
[BlackElo "1944"]
[PlyCount "88"]
[EventDate "2006.??.??"]

1. d4 d5 2. Nf3 Nf6 3. e3 c5 4. dxc5 Qa5+ 5. Nbd2 Qxc5 6. a3 Bg4 7. Be2 e6 8.
b4 Qc7 9. Bb2 Nbd7 10. h3 Bxf3 11. Nxf3 Bd6 12. Rc1 a5 13. b5 Bxa3 14. Bxa3
Qc3+ 15. Qd2 Qxa3 16. O-O Ne4 17. Qd3 Qc3 18. b6 O-O 19. Qb5 Ndc5 20. Bd3 Nd6
21. Qb1 a4 22. Nd4 a3 23. Ne2 Qa5 24. Nf4 Nc4 25. Bxc4 dxc4 26. Qa2 Qxb6 27.
Qxc4 Ra4 28. Qc3 Ne4 29. Qa1 Qb2 30. Rfd1 Qxa1 31. Rxa1 b5 32. Rdb1 b4 33. Nd3
Rb8 34. f3 Nd2 35. Rd1 Nc4 36. Kf2 Ra7 37. Rdb1 Rab7 38. Ke2 h5 39. f4 Nd6 40.
Ne5 Rc8 41. Kd2 Ne4+ 42. Kd3 f5 43. c4 Rd8+ 44. Kc2 b3+ 0-1

[Event "Championnat de France 2006 - Open B"]
[Site "BESANCON"]
[Date "2006.08.24"]
[Round "9.1"]
[White "Pingue, Renaud"]
[Black "Fevre, Mathieu"]
[Result "1/2-1/2"]
[WhiteElo "1932"]
[BlackElo "1905"]
[PlyCount "81"]
[EventDate "2006.??.??"]

1. e4 c5 2. Nf3 e6 3. d4 cxd4 4. Nxd4 Qb6 5. Nb3 Nf6 6. Bd3 d5 7. e5 Nfd7 8.
Be3 Qc7 9. f4 Nc6 10. c3 b6 11. N1d2 Nc5 12. Be2 Be7 13. O-O Bb7 14. Nd4 Ba6
15. Bxa6 Nxa6 16. Qa4 Nab8 17. f5 exf5 18. Nxf5 O-O 19. Qg4 g6 20. Nf3 Nd7 21.
Nxe7+ Nxe7 22. Bh6 Rfe8 23. Rae1 Nf5 24. Bf4 Nf8 25. Qh3 Ne6 26. Bc1 Rad8 27.
g4 Nfg7 28. Nd4 a6 29. Qf3 Rd7 30. Qe2 Qc4 31. Qf2 Nxd4 32. cxd4 Qxa2 33. Re3
Qc4 34. Rh3 Ne6 35. Be3 Qb4 36. Qh4 Nf8 37. Rd1 Qa4 38. Rd2 Rc7 39. Bh6 Ne6 40.
Bf4 Nf8 41. Bh6 1/2-1/2

[Event "Championnat de France 2006 - Open B"]
[Site "BESANCON"]
[Date "2006.08.24"]
[Round "9.4"]
[White "Lepot, Simon"]
[Black "Iwanesko, Alexandre"]
[Result "1/2-1/2"]
[WhiteElo "1880"]
[BlackElo "1760"]
[PlyCount "37"]
[EventDate "2006.??.??"]

1. e4 c5 2. Nf3 e6 3. d4 cxd4 4. Nxd4 a6 5. Nc3 b5 6. a3 Qb6 7. Nb3 Bb7 8. Be3
Qc7 9. Bd3 Nf6 10. O-O d6 11. f4 Be7 12. Qf3 Nbd7 13. Qg3 h5 14. Rfe1 h4 15.
Qf3 g5 16. a4 g4 17. Qe2 h3 18. g3 b4 19. Na2 1/2-1/2

[Event "Championnat de France 2006 - Open B"]
[Site "BESANCON"]
[Date "2006.08.24"]
[Round "9.5"]
[White "Saint-Arroman, Alain"]
[Black "Gambini, Stephane"]
[Result "1-0"]
[WhiteElo "1966"]
[BlackElo "1996"]
[PlyCount "99"]
[EventDate "2006.??.??"]

1. d4 Nf6 2. c4 g6 3. Nc3 Bg7 4. e4 d6 5. f3 O-O 6. Be3 e5 7. d5 Nh5 8. Qd2 f5
9. exf5 gxf5 10. Bd3 a5 11. Nge2 Na6 12. O-O-O Nc5 13. Bc2 Bd7 14. f4 exf4 15.
Nxf4 Nxf4 16. Bxf4 Qh4 17. g3 Qh5 18. Rde1 Rfe8 19. Bd1 Qg6 20. h4 Qf6 21. Bf3
a4 22. Bg5 Qd4 23. Qxd4 Bxd4 24. Kd2 Bf2 25. Rxe8+ Rxe8 26. Bf4 Bd4 27. Bh5 Re7
28. Rh2 Rg7 29. Bf3 Be5 30. Ke3 Bxf4+ 31. gxf4 Re7+ 32. Kd2 Kf7 33. Re2 Rxe2+
34. Nxe2 Kf6 35. Nd4 b6 36. Kc3 Kg6 37. b4 axb3 38. axb3 Ne4+ 39. Bxe4 fxe4 40.
Kd2 Kh5 41. f5 Kxh4 42. f6 Be8 43. Ne6 Kg4 44. Nxc7 Bf7 45. Nb5 Kf5 46. Nxd6+
Kxf6 47. Nxf7 Kxf7 48. Ke3 Kf6 49. Kxe4 h5 50. Kf4 1-0

[Event "Championnat de France 2006 - Open B"]
[Site "BESANCON"]
[Date "2006.08.24"]
[Round "9.2"]
[White "Mestdagh, Franck"]
[Black "Le, Samuel"]
[Result "0-1"]
[WhiteElo "1901"]
[BlackElo "1937"]
[PlyCount "90"]
[EventDate "2006.??.??"]

1. e4 d6 2. d4 Nf6 3. Nc3 g6 4. f3 Bg7 5. Be3 Nc6 6. h4 e5 7. d5 Ne7 8. g4 h5
9. g5 Nd7 10. Qd2 O-O 11. Bh3 Nb6 12. Qd3 c5 13. O-O-O Bxh3 14. Nxh3 Nd7 15.
Ng1 Nc8 16. f4 exf4 17. Bxf4 Ne5 18. Bxe5 Bxe5 19. Nf3 Bf4+ 20. Kb1 Re8 21. Nd2
a6 22. Qf3 Be5 23. Rhf1 Qe7 24. Rde1 b5 25. Re2 Nb6 26. Qh3 Nc4 27. Nxc4 bxc4
28. Ref2 Rf8 29. Nd1 Rab8 30. c3 a5 31. Qe3 a4 32. Qe2 a3 33. Qxc4 axb2 34.
Nxb2 Bg3 35. Rg2 Bxh4 36. Qe2 Qe5 37. Rh1 Bg3 38. Ka1 Qxc3 39. Qd3 Be5 40. Qxc3
Bxc3 41. Rh3 Be5 42. a4 Rxb2 43. Rxb2 Rb8 44. Rhh2 Rb4 45. Rhe2 Bxb2+ 0-1

[Event "Championnat de France 2006 - Open C"]
[Site "BESANCON"]
[Date "2006.08.24"]
[Round "9.1"]
[White "Vernay, Gaspard"]
[Black "Farinone, Jean-Marc"]
[Result "0-1"]
[WhiteElo "1690"]
[BlackElo "1599"]
[PlyCount "94"]
[EventDate "2006.??.??"]

1. d4 d5 2. c4 e6 3. cxd5 exd5 4. Nc3 Nf6 5. Bg5 c6 6. e3 Bd6 7. Bd3 Nbd7 8.
Nge2 Qc7 9. Bf4 O-O 10. Rc1 a6 11. b4 Bxf4 12. Nxf4 Qd6 13. a3 Nb6 14. O-O Bg4
15. Qb3 g5 16. Nfe2 Rfe8 17. h3 Bd7 18. Ng3 h5 19. Nf5 Bxf5 20. Bxf5 Nc4 21.
Nb1 Ne4 22. Qd3 b5 23. Qe2 Qh6 24. Bxe4 Rxe4 25. Nc3 Re6 26. Ra1 f5 27. a4 f4
28. axb5 fxe3 29. bxc6 exf2+ 30. Qxf2 Ne3 31. Rfe1 Rf8 32. Qe2 Qf6 33. Nxd5
Qxd4 34. Nxe3 Rfe8 {#} 35. c7 $2 (35. Qa2) 35... Rxe3 36. Qxe3 $2 Rxe3 37.
c8=Q+ Re8+ 38. Kh1 Rxc8 39. Ra5 Qf4 40. Raa1 Rc6 41. Kg1 Qxb4 42. Rf1 a5 43.
Rae1 Qd4+ 44. Kh1 Rf6 45. Rg1 g4 46. h4 g3 47. Rgf1 Qxh4+ 0-1

[Event "Championnat de France 2006 - Open C"]
[Site "BESANCON"]
[Date "2006.08.24"]
[Round "9.2"]
[White "Roussey, Quentin"]
[Black "Saucey, Capucine"]
[Result "0-1"]
[WhiteElo "1570"]
[BlackElo "1660"]
[PlyCount "42"]
[EventDate "2006.??.??"]

1. e4 e5 2. Nf3 Nc6 3. d4 exd4 4. Nxd4 Bc5 5. Be3 Bb6 6. Bc4 Nf6 7. Nxc6 bxc6
8. O-O h6 9. e5 Nh7 10. Qg4 Ng5 11. h4 d5 12. Qg3 Bxe3 13. fxe3 dxc4 14. hxg5
Qxg5 15. Qf3 O-O 16. Qxc6 Qxe3+ 17. Rf2 Qc1+ 18. Rf1 Qxb2 19. Nd2 Be6 20. Qxc7
Qd4+ 21. Rf2 Qxa1+ 0-1

[Event "Championnat de France 2006 - Open C"]
[Site "BESANCON"]
[Date "2006.08.24"]
[Round "9.3"]
[White "Perradin, Vincent"]
[Black "Lagarde, Benjamin"]
[Result "1-0"]
[WhiteElo "1690"]
[BlackElo "1580"]
[PlyCount "59"]
[EventDate "2006.??.??"]

1. e4 c5 2. Nf3 Nc6 3. d4 cxd4 4. Nxd4 Nf6 5. Nc3 g6 6. f3 Bg7 7. Be3 O-O 8.
Qd2 Re8 9. O-O-O a6 10. Be2 Qa5 11. Nb3 Qc7 12. g4 b5 13. h4 Na5 14. h5 Nxb3+
15. axb3 b4 16. Na4 Bb7 17. Bh6 Rac8 18. Bxg7 {#} Nxe4 19. fxe4 Bxe4 20. Bd3
Bxh1 21. Rxh1 Qc6 22. Qh2 Kxg7 23. hxg6 Rh8 24. gxh7 Qe6 25. Qd2 Qf6 26. g5 Qf3
27. Qh2 Qe3+ 28. Kb1 f6 29. Qh6+ Kf7 30. g6+ 1-0

[Event "Championnat de France 2006 - Open C"]
[Site "BESANCON"]
[Date "2006.08.24"]
[Round "9.4"]
[White "Devecchi, Jorge"]
[Black "Rasolonindrina, John-Millot"]
[Result "1-0"]
[WhiteElo "1670"]
[BlackElo "1480"]
[PlyCount "111"]
[EventDate "2006.??.??"]

1. e4 e6 2. d4 d5 3. e5 c5 4. c3 Nc6 5. Nf3 cxd4 6. cxd4 Bb4+ 7. Nc3 Nge7 8.
Bd3 Bd7 9. O-O Bxc3 10. bxc3 Ng6 11. Ng5 f6 12. Nxh7 f5 13. Qh5 Kf7 14. Ng5+
Kg8 15. Qxg6 Qe8 16. Qxe8+ Rxe8 17. f4 a6 18. a4 g6 19. Rf3 Kg7 20. Rh3 Rxh3
21. Nxh3 Na5 22. Ba3 Rc8 23. Bb4 Nc6 24. Rb1 Nd8 25. Ba5 Bc6 26. Ng5 Nf7 27.
Nxe6+ Kh7 28. Ng5+ Nxg5 29. fxg5 Rf8 30. Rb6 f4 31. Kf2 Rc8 32. e6 Kg7 33. Bb4
Re8 34. e7 a5 35. Bd6 Kf7 36. Bb5 Ke6 37. Bxf4 Rxe7 38. Bxc6 bxc6 39. Rxc6+ Kf5
40. g3 Re8 41. Rc5 Ke4 42. Rxa5 Kd3 43. Be5 Rf8+ 44. Kg2 Ke2 45. Bf6 Rc8 46.
Rxd5 Rxc3 47. Re5+ Kd3 48. d5 Ra3 49. d6 Rxa4 50. d7 Rd4 51. Re3+ Kxe3 52.
Bxd4+ Kxd4 53. d8=Q+ Ke4 54. Qe7+ Kf5 55. Qf6+ Kg4 56. Qf4+ 1-0

[Event "Championnat de France 2006 - Open C"]
[Site "BESANCON"]
[Date "2006.08.24"]
[Round "9.5"]
[White "Louison, Lewis"]
[Black "Friburger, Quentin"]
[Result "1/2-1/2"]
[WhiteElo "1660"]
[BlackElo "1570"]
[PlyCount "100"]
[EventDate "2006.??.??"]

1. e4 d6 2. d4 Nf6 3. Nc3 c6 4. Bg5 Qc7 5. Bxf6 exf6 6. Bc4 g6 7. Nf3 Bg7 8.
O-O O-O 9. Re1 f5 10. e5 Re8 11. exd6 Rxe1+ 12. Qxe1 Qxd6 13. Qe8+ Qf8 14.
Bxf7+ Kh8 15. Re1 Bd7 16. Qxf8+ Bxf8 17. Ne5 Kg7 18. Nxd7 Nxd7 19. Bb3 Rd8 20.
Rd1 Bb4 21. Ne2 Nb6 22. Nf4 Kf6 23. d5 g5 24. Ne6 Rd7 25. c4 cxd5 26. cxd5 a5
27. a3 Bd6 28. g3 Be5 29. Rd2 h6 30. Kg2 Bd6 31. Nd4 f4 32. Re2 Be5 33. Nf3 Bd6
34. Re6+ Kg7 35. Ne5 Rd8 36. Rg6+ Kh7 37. Bc2 Bxe5 38. Rxb6+ Kg7 39. Rxb7+ Kf6
40. Be4 Rb8 41. Rxb8 Bxb8 42. a4 fxg3 43. hxg3 Ke5 44. f3 g4 45. Kf2 Kd4 46.
Ke2 Bxg3 47. b4 gxf3+ 48. Bxf3 axb4 49. Kd2 Kc4 50. a5 Kb5 1/2-1/2

[Event "Championnat de France 2006 - Vétérans"]
[Site "BESANCON"]
[Date "2006.08.24"]
[Round "9.1"]
[White "Goldenberg, Richard"]
[Black "Degrave, Jack"]
[Result "1-0"]
[WhiteElo "2329"]
[BlackElo "2042"]
[PlyCount "47"]
[EventDate "2006.??.??"]

1. d4 Nf6 2. Bg5 g6 3. Bxf6 exf6 4. e3 Bg7 5. c4 O-O 6. Nc3 b6 7. Be2 Bb7 8.
Bf3 Bxf3 9. Qxf3 Nc6 10. Nge2 Re8 11. g4 Ne7 12. h4 c6 13. h5 d5 14. h6 Bh8 15.
cxd5 Nxd5 16. Nxd5 cxd5 17. O-O-O Qd7 18. Kb1 Rac8 19. Rc1 Re4 20. Rxc8+ Qxc8
21. Rc1 Qd7 22. Nc3 Rxg4 23. Nxd5 f5 {#} 24. Rc8+ 1-0

[Event "Championnat de France 2006 - Vétérans"]
[Site "BESANCON"]
[Date "2006.08.24"]
[Round "9.2"]
[White "Peyrin, Jean"]
[Black "Meinsohn, Francis"]
[Result "1-0"]
[WhiteElo "2004"]
[BlackElo "2250"]
[PlyCount "81"]
[EventDate "2006.??.??"]

1. d4 d5 2. Nf3 Bf5 3. c4 e6 4. Nc3 c6 5. Qb3 Qb6 6. c5 Qc7 7. g3 Nf6 8. Bf4
Qc8 9. Bg2 Nbd7 10. O-O Be7 11. Rfe1 Ne4 12. Nxe4 Bxe4 13. Ne5 Bxg2 14. Kxg2 g5
15. Nxd7 Qxd7 16. Bd2 f5 17. f3 h5 18. e4 fxe4 19. fxe4 O-O-O 20. e5 g4 21. Qd3
h4 22. b4 Rh5 23. Bf4 Rdh8 24. Rh1 Bd8 25. Qg6 Rf5 26. a4 Rhf8 27. Rhf1 a5 28.
b5 cxb5 29. axb5 Qxb5 30. Qxe6+ Kb8 31. Qxd5 hxg3 32. hxg3 Qb2+ 33. Kg1 Rxf4
34. gxf4 g3 35. Ra2 Qc3 36. Qd6+ Ka7 37. Qxf8 Qxd4+ 38. Kg2 Bc7 39. Re2 Qd5+
40. Rf3 b6 41. Qf6 1-0

[Event "Championnat de France 2006 - Vétérans"]
[Site "BESANCON"]
[Date "2006.08.24"]
[Round "9.4"]
[White "Birens, Eric-Andre"]
[Black "Siino, Christian"]
[Result "1-0"]
[WhiteElo "2037"]
[BlackElo "1930"]
[PlyCount "79"]
[EventDate "2006.??.??"]

1. d4 c5 2. d5 d6 3. c4 Nf6 4. Nc3 g6 5. e4 Bg7 6. Bd3 Nbd7 7. f4 b6 8. Nf3 O-O
9. O-O a6 10. a4 Kh8 11. Kh1 Nb8 12. e5 Ng8 13. e6 f5 14. Ng5 Nh6 15. Qe1 Bf6
16. Bd2 Kg7 17. Nd1 Rh8 18. Bc3 Qf8 19. Rf3 Bxc3 20. Nxc3 Qf6 21. h3 Bb7 22.
Qe2 Rf8 23. Rg1 b5 24. axb5 axb5 25. cxb5 Qd4 26. Bc4 Ng8 27. Nf7 h5 28. Rd1
Qf6 29. Rg3 Qh4 30. Qf2 Kh7 31. Ng5+ Kh8 32. Nf7+ Kh7 33. Bd3 Qf6 34. Be2 Nh6
35. Nxh6 Kxh6 36. Rg5 Rh8 37. Bxh5 gxh5 38. Qh4 Qxg5 39. fxg5+ Kh7 40. Qxh5+
1-0

[Event "Championnat de France 2006 - Vétérans"]
[Site "BESANCON"]
[Date "2006.08.24"]
[Round "9.5"]
[White "Derouineau, Paul"]
[Black "Nataf, Guy"]
[Result "1-0"]
[WhiteElo "1810"]
[BlackElo "1750"]
[PlyCount "95"]
[EventDate "2006.??.??"]

1. e4 d5 2. exd5 Qxd5 3. Nf3 Nf6 4. Nc3 Qd8 5. Bc4 Bg4 6. Bxf7+ Kxf7 7. Ne5+
Kg8 8. Nxg4 g6 9. d4 Bg7 10. Nh6+ Kf8 11. Be3 Ke8 12. Qf3 Nc6 13. O-O-O Rf8 14.
Ng4 Nxg4 15. Qxg4 Qd7 16. Qxd7+ Kxd7 17. d5 Ne5 18. Kb1 Rf7 19. f3 c6 20. Bd4
cxd5 21. Bxe5 Bxe5 22. Rxd5+ Bd6 23. Ne4 Rf5 24. Rd3 Kc7 25. Rhd1 Rd8 26. c4 b6
27. b4 Rff8 28. Nxd6 Rxd6 29. Kc2 Rf5 30. Rxd6 exd6 31. b5 g5 32. Rd5 Re5 33.
Kd3 h6 34. Rxe5 dxe5 35. Ke4 Kd6 36. Kf5 Kc5 37. Kg6 Kxc4 38. Kxh6 g4 39. Kg5
gxf3 40. gxf3 Kxb5 41. h4 Ka4 42. h5 Ka3 43. h6 Kxa2 44. h7 b5 45. h8=Q b4 46.
Qxe5 b3 47. Qa5+ Kb1 48. Qxa7 1-0